000 00651nam a2200205 i 4500
001 74478
003 ES-MaACL
005 20230906172140.0
007 t|
008 040920s1954 sp acf |||| |bspa d
080 _a929Millán Astray, José
100 1 _aGonzález Iglesias, Manuel.
_958731
245 1 1 _a¡Ha muerto Millán Astray! /
_cpor Manuel González Iglesias y José Arias Alonso.
260 _aMadrid :
_b[s.n.,
_c1954] (
_fImp. Aro)
300 _a177 p., 4 lám. ;
_c17 cm.
600 1 4 _aMillán-Astray, José,
_d1879-1954
_981140
700 1 _aArias Alonso, José.
_922760
852 _aES-MaACL
_jC-7975
999 _c74478
_d74478